Vietnam and IRRI : a partnership in rice research : proceedings of a conference held in Hanoi, Vietnam, 4-7 May 1994

Rice research seeks to generate knowledge and technologies that bring improvement in the welfare of rice-dependent households. In pursuit of this goal, individuals and institutions seek partnerships with expectations of increased effectiveness and efficiency. This volume documents the achievements o...

Descripció completa

Guardat en:
Dades bibliogràfiques
Format: Llibre
Idioma:Undetermined
Publicat: Manila International rice research institute 1994
Matèries:
Etiquetes: Afegir etiqueta
Sense etiquetes, Sigues el primer a etiquetar aquest registre!
Thư viện lưu trữ: Trung tâm Học liệu Trường Đại học Cần Thơ
LEADER 01164nam a2200217Ia 4500
001 CTU_122876
008 210402s9999 xx 000 0 und d
082 |a 633.18072 
082 |b V308 
245 0 |a Vietnam and IRRI : 
245 2 |b a partnership in rice research : proceedings of a conference held in Hanoi, Vietnam, 4-7 May 1994 
245 0 |c editors: G. L. Denning, Võ Tòng Xuân 
260 |a Manila 
260 |b International rice research institute 
260 |c 1994 
520 |a Rice research seeks to generate knowledge and technologies that bring improvement in the welfare of rice-dependent households. In pursuit of this goal, individuals and institutions seek partnerships with expectations of increased effectiveness and efficiency. This volume documents the achievements of a quarter century of partnership between Vietnam and the International Rice Research Institute (IRRI) in rice research and identifies some of the remaining challenges and opportunities. 
650 |a Rice,Rice 
650 |x Research 
650 |z Vietnam,Vietnam 
904 |i Hiếu , Huỳnh Mai 
980 |a Trung tâm Học liệu Trường Đại học Cần Thơ